[Event "?"]
[Site "ICC 5 0 04/01/98, Internet Ch"]
[Date "1998.??.??"]
[Round "?"]
[White "Brause"]
[Black "Huascar"]
[Result "1-0"]
[WhiteElo "2600"]
[BlackElo "2260"]
[PlyCount "49"]

1. e4 Nf6 2. Nc3 e5 3. Nf3 Nc6 4. Nxe5 Nxe5 5. d4 Ng6 6. e5 Ng8 7. Bc4 c6 8.
Qe2 Nh6 9. Bxh6 gxh6 10. Qf3 Qe7 11. O-O Bg7 12. Ne4 O-O 13. Nd6 b5 14. Bb3 a5
15. a3 Ba6 16. Rfe1 a4 17. Ba2 Rab8 18. Re4 b4 19. axb4 Rxb4 20. Qa3 Rbb8 21.
f4 c5 22. f5 Nh8 23. Rg4 Ng6 24. fxg6 hxg6 25. Rxg6 1-0

[Event "?"]
[Site "ICC 5 0 04/01/98, Internet Ch"]
[Date "1998.??.??"]
[Round "?"]
[White "Brause"]
[Black "inmortal"]
[Result "1-0"]
[WhiteElo "2520"]
[BlackElo "2355"]
[PlyCount "35"]

1. e4 e5 2. Nf3 Nc6 3. Nc3 Nf6 4. Nxe5 Nxe5 5. d4 Ng6 6. e5 Ng8 7. Bc4 Bb4 8.
Qf3 Qe7 9. O-O Bxc3 10. bxc3 Nh6 11. g3 O-O 12. Qh5 d6 13. Bxh6 gxh6 14. f4 Kh8
15. f5 dxe5 16. fxg6 fxg6 17. Rxf8+ Qxf8 18. Qxe5+ 1-0

[Event "?"]
[Site "ICC 5 0 04/01/98, Internet Ch"]
[Date "1998.??.??"]
[Round "?"]
[White "Brause"]
[Black "inmortal"]
[Result "1-0"]
[WhiteElo "2505"]
[BlackElo "2360"]
[PlyCount "99"]

1. e4 e5 2. Nf3 Nc6 3. Nc3 Nf6 4. Nxe5 Nxe5 5. d4 Ng6 6. e5 Ng8 7. Bc4 Bb4 8.
Qf3 Qe7 9. O-O Bxc3 10. bxc3 h5 11. Ba3 Qxa3 12. Bxf7+ Kd8 13. Bxg6 Ne7 14.
Bxh5 a5 15. Bf7 Ra6 16. Rfb1 Re6 17. Bxe6 dxe6 18. Rb3 Qa4 19. Qf7 g6 20. Qg7
Rg8 21. Qf6 b6 22. Kh1 Qc6 23. Rab1 Ke8 24. Qg5 Rf8 25. Kg1 Bb7 26. f3 Rf5 27.
Qh6 g5 28. Qh8+ Kd7 29. Qh3 Kc8 30. Ra3 Kb8 31. Qg4 Ka7 32. Qg3 Nd5 33. Qe1 Nf4
34. Qf2 g4 35. Rxa5+ Kb8 36. Ra3 gxf3 37. Qxf3 Qxf3 38. gxf3 Nh3+ 39. Kf1 Rxf3+
40. Ke2 Be4 41. Re1 Rf2+ 42. Ke3 Bd5 43. Ra4 Rxc2 44. Rf1 Rxh2 45. Rf8+ Kb7 46.
c4 Bc6 47. Raa8 Bh1 48. Rh8 b5 49. cxb5 Bd5 50. Rhb8# 1-0

[Event "?"]
[Site "ICC 5 0 04/10/98, Internet Ch"]
[Date "1998.??.??"]
[Round "?"]
[White "Brause"]
[Black "blunite"]
[Result "1-0"]
[WhiteElo "2635"]
[BlackElo "1995"]
[PlyCount "41"]

1. e4 e5 2. Nf3 Nc6 3. Nc3 Nf6 4. Nxe5 Nxe5 5. d4 Nc6 6. d5 Ne5 7. f4 Ng6 8. e5
Ng8 9. d6 f6 10. Nb5 cxd6 11. exd6 Qb6 12. Nc7+ Kd8 13. Nxa8 Qxd6 14. Qxd6 Bxd6
15. Be3 b6 16. O-O-O Ke7 17. Bb5 Bb7 18. Rhe1 Ne5 19. fxe5 fxe5 20. Bg5+ Nf6
21. Nc7 1-0

[Event "?"]
[Site "ICC 5 0 04/10/98, Internet Ch"]
[Date "1998.??.??"]
[Round "?"]
[White "Brause"]
[Black "blunite"]
[Result "1/2-1/2"]
[WhiteElo "2640"]
[BlackElo "1995"]
[PlyCount "163"]

1. e4 e5 2. Nf3 Nc6 3. Nc3 Nf6 4. Nxe5 Nxe5 5. d4 Nc6 6. d5 Bc5 7. dxc6 bxc6 8.
Bg5 Qe7 9. Bd3 h6 10. Bf4 d6 11. O-O O-O 12. Qd2 Rb8 13. b3 Bd4 14. Rae1 Bb7
15. Ne2 Bb6 16. Ng3 Nd7 17. Qc3 Ne5 18. Nf5 Qf6 19. Bxe5 dxe5 20. Rd1 Rbd8 21.
Rd2 Kh7 22. Rfd1 g6 23. Ng3 Rd4 24. Nf1 Rfd8 25. h3 Qg5 26. Nh2 c5 27. Nf3 Qf6
28. Nxd4 cxd4 29. Qb4 c5 30. Qc4 Bc8 31. Qb5 Bd7 32. Qa6 Bc8 33. Qa4 Bd7 34.
Bb5 Be6 35. Rd3 Qg7 36. Rf3 f5 37. Bd3 f4 38. Bc4 Bd7 39. Bb5 Be6 40. Qa6 Rf8
41. Bc4 Bc8 42. Qa3 g5 43. Rd2 g4 44. hxg4 Bxg4 45. Rfd3 f3 46. g3 Qg5 47. Qa6
Qg7 48. Bd5 Bc8 49. Qa3 Qg4 50. Qc1 h5 51. c3 h4 52. Qf1 Rf6 53. a4 hxg3 54.
fxg3 Qxg3+ 55. Rg2 Qxg2+ 56. Qxg2 fxg2 57. Kxg2 Ba5 58. b4 cxb4 59. cxd4 exd4
60. Rxd4 Kg7 61. e5 Rg6+ 62. Kf3 Kf8 63. Rf4+ Ke7 64. Rf7+ Kd8 65. Rxa7 Bb6 66.
Rf7 Be6 67. Bxe6 Rxe6 68. Rf4 Ba5 69. Rd4+ Kc7 70. Ke4 b3 71. Rd1 b2 72. Kf5
Rb6 73. Rb1 Kd7 74. e6+ Ke7 75. Ke4 Kxe6 76. Kd3 Rb4 77. Kc3 Rb8+ 78. Kc2 Rb4
79. Kc3 Rxa4+ 80. Kxb2 Rb4+ 81. Kc2 Rxb1 82. Kxb1 1/2-1/2

[Event "?"]
[Site "ICC 5 0 04/10/98, Internet Ch"]
[Date "1998.??.??"]
[Round "?"]
[White "Brause"]
[Black "Ctoth"]
[Result "1-0"]
[WhiteElo "2680"]
[BlackElo "2335"]
[PlyCount "33"]

1. e4 e5 2. Nf3 Nc6 3. Nc3 Nf6 4. Nxe5 Nxe5 5. d4 Nc6 6. d5 Nb8 7. e5 Ng8 8. d6
cxd6 9. exd6 Qb6 10. Nb5 Na6 11. Qe2+ Kd8 12. Be3 Qa5+ 13. c3 Nf6 14. Qc4 Ke8
15. Bxa7 g6 16. Qd4 Bg7 17. Bb6 1-0

[Event "?"]
[Site "ICC 5 0 04/10/98, Internet Ch"]
[Date "1998.??.??"]
[Round "?"]
[White "Brause"]
[Black "Ctoth"]
[Result "1-0"]
[WhiteElo "2690"]
[BlackElo "2325"]
[PlyCount "37"]

1. e4 e5 2. Nf3 Nc6 3. Nc3 Nf6 4. Nxe5 Nxe5 5. d4 Ng6 6. e5 Ng8 7. Bc4 d5 8.
Bxd5 c6 9. Bb3 Be6 10. O-O Bxb3 11. axb3 f5 12. Qd3 N6e7 13. Bg5 g6 14. d5 cxd5
15. Rfe1 h6 16. Bf6 Rh7 17. Nb5 Bg7 18. Qc3 Kf8 19. Nc7 1-0

[Event "?"]
[Site "ICC 5 0 04/10/98, Internet Ch"]
[Date "1998.??.??"]
[Round "?"]
[White "Brause"]
[Black "Ctoth"]
[Result "1-0"]
[WhiteElo "2695"]
[BlackElo "2320"]
[PlyCount "43"]

1. e4 e5 2. Nf3 Nc6 3. Nc3 Nf6 4. Nxe5 Nxe5 5. d4 Ng6 6. e5 Ng8 7. Bc4 N8e7 8.
Qf3 d5 9. exd6 Qxd6 10. Bxf7+ Kd8 11. Bg5 Be6 12. Qxb7 Bxf7 13. Qxa8+ Kd7 14.
Qxa7 Nc6 15. Qa6 Nxd4 16. Qa4+ Kc8 17. Qa8+ Kd7 18. O-O-O c5 19. Nb5 Qc6 20.
Rxd4+ cxd4 21. Qd8+ Ke6 22. Nxd4+ 1-0

[Event "?"]
[Site "ICC 5 0 04/10/98, Internet Ch"]
[Date "1998.??.??"]
[Round "?"]
[White "Brause"]
[Black "Baard"]
[Result "1-0"]
[WhiteElo "2605"]
[BlackElo "2115"]
[PlyCount "33"]

1. e4 e5 2. Nf3 Nf6 3. Nc3 Nc6 4. Nxe5 Nxe5 5. d4 Nc6 6. d5 Ne5 7. f4 Ng6 8. e5
Ng8 9. d6 c6 10. g3 Nh6 11. h4 Nf5 12. Qd3 Nh6 13. h5 Nxe5 14. fxe5 g6 15. Qe4
Bg7 16. Bf4 O-O 17. hxg6 1-0

[Event "?"]
[Site "ICC 5 0 01/14/98, Internet Ch"]
[Date "1998.??.??"]
[Round "?"]
[White "Brause"]
[Black "Kiriakos"]
[Result "1-0"]
[WhiteElo "2455"]
[BlackElo "1970"]
[PlyCount "73"]

1. e4 e5 2. Nf3 Nc6 3. Nc3 Nf6 4. Nxe5 Nxe5 5. d4 Ng6 6. e5 Be7 7. exf6 Bxf6 8.
Nd5 O-O 9. Be2 c6 10. Nxf6+ Qxf6 11. O-O d5 12. Be3 Bf5 13. Qd2 h6 14. Rae1
Rfe8 15. Qc3 Re7 16. Bd2 Rae8 17. Bd1 Be4 18. Re2 Nf4 19. Bxf4 Qxf4 20. Rfe1
Qg5 21. f3 Bg6 22. f4 Qf6 23. Re5 Be4 24. Bf3 Bxf3 25. Qxf3 Rxe5 26. dxe5 Qf5
27. Qf2 g5 28. Qxa7 Qxf4 29. Qxb7 Qd4+ 30. Kh1 Qf2 31. Rc1 Re6 32. a4 Kg7 33.
Qc7 Qf4 34. Ra1 Rxe5 35. Qxc6 Qf2 36. Qc3 d4 37. Qg3 1-0

[Event "?"]
[Site "ICC 5 0 01/23/98, Internet Ch"]
[Date "1998.??.??"]
[Round "?"]
[White "Brause"]
[Black "Robo"]
[Result "1-0"]
[WhiteElo "2610"]
[BlackElo "2005"]
[PlyCount "43"]

1. e4 e5 2. Nf3 Nc6 3. Nc3 Nf6 4. Nxe5 Nxe5 5. d4 Ng6 6. e5 Ng8 7. Bc4 b5 8.
Bxf7+ Kxf7 9. Qf3+ Ke8 10. Qxa8 c6 11. Qxa7 Bb4 12. O-O N8e7 13. Ne4 Rf8 14. c3
d5 15. Ng5 Qa5 16. Qb8 Bxc3 17. bxc3 Qxc3 18. Be3 Rf5 19. Rac1 Qa5 20. Rxc6 Qd8
21. Rd6 Qa5 22. Rc1 1-0

[Event "?"]
[Site "ICC 5 0 01/23/98, Internet Ch"]
[Date "1998.??.??"]
[Round "?"]
[White "Brause"]
[Black "NonWimp"]
[Result "1-0"]
[WhiteElo "2615"]
[BlackElo "2605"]
[PlyCount "102"]

1. e4 e5 2. Nf3 Nc6 3. Nc3 Nf6 4. Nxe5 Nxe5 5. d4 Ng6 6. e5 Ng8 7. Bc4 Bb4 8.
Qf3 Bxc3+ 9. bxc3 Qe7 10. O-O Rb8 11. Re1 b5 12. Rb1 a6 13. Qg3 Bb7 14. Bg5 Qa3
15. e6 dxe6 16. Qxc7 Rc8 17. Qxb7 Rxc4 18. Qa8+ Kd7 19. Qd8+ Kc6 20. Qe8+ Kb6
21. Qxf7 Nh6 22. Qxg7 Rc6 23. c4 Rc7 24. c5+ Kb7 25. Qxh6 Qxa2 26. Bf6 Re8 27.
Qd2 Rf8 28. Bg5 e5 29. Ra1 Qd5 30. c3 h5 31. Rab1 Rg8 32. f3 Rcc8 33. Rb4 Rc7
34. Qe3 Rc6 35. Ra1 Kc8 36. Qe4 Qxe4 37. fxe4 exd4 38. cxd4 Ne5 39. Be7 Nc4 40.
d5 Rcg6 41. g3 Kb7 42. c6+ Kb6 43. Rxc4 bxc4 44. Rb1+ Ka7 45. d6 h4 46. c7 hxg3
47. h4 Rxd6 48. Bxd6 Rc8 49. Rb8 Rxc7 50. Bxc7 a5 51. Bxg3 a4 1-0

[Event "?"]
[Site "ICC 5 0 01/23/98, Internet Ch"]
[Date "1998.??.??"]
[Round "?"]
[White "Brause"]
[Black "Adla"]
[Result "1-0"]
[WhiteElo "2590"]
[BlackElo "2425"]
[PlyCount "53"]

1. e4 e5 2. Nf3 Nc6 3. Nc3 Nf6 4. Nxe5 Nxe5 5. d4 Nc6 6. d5 Bb4 7. dxc6 Nxe4 8.
Qd4 Qe7 9. Be3 O-O 10. Bd3 Re8 11. Bxe4 Qxe4 12. cxd7 Bxd7 13. Qxd7 Rad8 14.
Qxc7 Qxg2 15. Ke2 Qg4+ 16. Kf1 Qh3+ 17. Kg1 Bxc3 18. bxc3 Rc8 19. Qxb7 Rxc3 20.
Bxa7 Rc4 21. f3 Qf5 22. Qb3 Rc6 23. Bf2 Rg6+ 24. Bg3 Qc5+ 25. Kf1 Rb6 26. Qd3
Qc8 27. Kg2 1-0

[Event "?"]
[Site "ICC 5 2 01/30/98, Internet Ch"]
[Date "1998.??.??"]
[Round "?"]
[White "Brause"]
[Black "pklm"]
[Result "1-0"]
[WhiteElo "2560"]
[BlackElo "2230"]
[PlyCount "38"]

1. e4 e5 2. Nf3 Nc6 3. Nc3 Nf6 4. Nxe5 Nxe5 5. d4 Qe7 6. dxe5 Qxe5 7. f4 Qa5 8.
Bd2 c6 9. Qe2 Be7 10. Nd5 Qd8 11. Nxe7 Qxe7 12. e5 Nd5 13. O-O-O O-O 14. Qe4 f5
15. Qd4 a5 16. Bc4 Qe6 17. Bc3 b5 18. Bxd5 cxd5 19. Qxd5 Bb7 1-0

[Event "?"]
[Site "ICC 5 0 02/13/98, Internet Ch"]
[Date "1998.??.??"]
[Round "?"]
[White "Brause"]
[Black "MrsLovett"]
[Result "1-0"]
[WhiteElo "2625"]
[BlackElo "2775"]
[PlyCount "60"]

1. e4 e5 2. Nf3 Nc6 3. Nc3 Nf6 4. Nxe5 Nxe5 5. d4 Ng6 6. e5 Ng8 7. Bc4 d5 8.
Bxd5 c6 9. Bb3 Bb4 10. O-O N8e7 11. Ne4 O-O 12. c3 Ba5 13. Qh5 Nd5 14. Bg5 Qb6
15. Nd6 h6 16. Bd2 Qc7 17. f4 Bb6 18. Rae1 Rd8 19. Nxc8 Raxc8 20. e6 Nh8 21. f5
a6 22. f6 fxe6 23. fxg7 Nf7 24. Rxe6 Rd7 25. Bxh6 Re7 26. Rxe7 Qxe7 27. Bg5 Qe6
28. Rxf7 Qe1+ 29. Rf1 Qxf1+ 30. Kxf1 Kxg7 1-0

[Event "?"]
[Site "ICC 5 0 02/13/98, Internet Ch"]
[Date "1998.??.??"]
[Round "?"]
[White "Brause"]
[Black "Kiriakos"]
[Result "1-0"]
[WhiteElo "2595"]
[BlackElo "2110"]
[PlyCount "82"]

1. Nc3 e5 2. Nf3 Nc6 3. e4 Nf6 4. Nxe5 Nxe5 5. d4 Ng6 6. e5 Be7 7. Bc4 O-O 8.
exf6 Bxf6 9. Be3 c6 10. O-O d5 11. Bd3 Be6 12. b3 Qd7 13. Re1 Bf5 14. Na4 b6
15. Qd2 Rfe8 16. Re2 Bxd3 17. Qxd3 Nh4 18. Kh1 Nf5 19. Rae1 Nxe3 20. Rxe3 Rxe3
21. Rxe3 Re8 22. h3 Rxe3 23. Qxe3 Qe7 24. Qxe7 Bxe7 25. Nc3 f5 26. Kh2 Kf7 27.
Kg3 Ke6 28. h4 h5 29. Ne2 Bd6+ 30. Nf4+ Kf6 31. Kf3 g6 32. c4 Bxf4 33. Kxf4 b5
34. cxd5 cxd5 35. b4 Ke6 36. Kg5 Kf7 37. Kh6 Kf6 38. f4 Kf7 39. Kh7 a6 40. a3
Kf6 41. Kg8 Ke6 1-0

[Event "?"]
[Site "ICC 5 0 03/03/98, Internet Ch"]
[Date "1998.??.??"]
[Round "?"]
[White "Brause"]
[Black "Kiriakos"]
[Result "1-0"]
[WhiteElo "2515"]
[BlackElo "2100"]
[PlyCount "104"]

1. e4 e5 2. Nf3 Nc6 3. Nc3 Nf6 4. Nxe5 Nxe5 5. d4 Ng6 6. e5 Be7 7. Bc4 O-O 8.
exf6 Bxf6 9. Be3 c6 10. O-O d5 11. Bd3 Be6 12. b3 Qd7 13. Re1 Bf5 14. Na4 b6
15. Qd2 Rfe8 16. Re2 Re7 17. Rae1 Rae8 18. c3 h6 19. Nb2 Nh4 20. Bf4 Rxe2 21.
Rxe2 Rxe2 22. Qxe2 Qe7 23. Qxe7 Bxe7 24. Bg3 Bxd3 25. Nxd3 Ng6 26. f4 f5 27.
Ne5 Nxe5 28. fxe5 Kf7 29. b4 b5 30. Kf2 g5 31. Ke2 Ke6 32. a3 f4 33. Be1 Kf5
34. Bd2 Ke4 35. Kf2 h5 36. Ke2 g4 37. Kf1 Kd3 38. Be1 Bg5 39. Kf2 Bh4+ 40. Kf1
Bxe1 41. Kxe1 Kxc3 42. e6 Kxd4 43. e7 Kc3 44. e8=Q Kb3 45. Qxh5 Kxa3 46. Qxg4
Kxb4 47. Qxf4+ Kc5 48. h4 b4 49. h5 a5 50. h6 b3 51. h7 b2 52. Qf2+ d4 1-0

[Event "?"]
[Site "ICC 5 0 03/03/98, Internet Ch"]
[Date "1998.??.??"]
[Round "?"]
[White "Brause"]
[Black "KnightC"]
[Result "0-1"]
[WhiteElo "2560"]
[BlackElo "2410"]
[PlyCount "198"]

1. e4 e5 2. Nf3 Nf6 3. Nc3 Nc6 4. Nxe5 Nxe5 5. d4 Ng6 6. e5 Ng8 7. Bc4 d5 8.
Bxd5 c6 9. Bb3 Be6 10. O-O Bxb3 11. axb3 h6 12. e6 fxe6 13. Re1 Qf6 14. d5 e5
15. Ne4 Qf5 16. dxc6 bxc6 17. Qd6 Rc8 18. Qd3 Qf7 19. Rd1 Nf6 20. Nxf6+ gxf6
21. Qc3 Rc7 22. Be3 a5 23. Bb6 Nf4 24. Qf3 Rc8 25. g3 Qg6 26. Rd2 Nd5 27. Bxa5
Rh7 28. c4 Nb4 29. Rad1 Be7 30. Qe3 Qf5 31. Qb6 Nc2 32. Bc3 c5 33. f4 Ne3 34.
Re1 exf4 35. Rf2 Qh3 36. Rfe2 fxg3 37. Kh1 Kf8 38. Qa6 Rb8 39. b4 cxb4 40. Bxf6
Bc5 41. Bd4 Bxd4 42. Qd6+ Re7 43. Qxb8+ Kf7 44. Qxg3 Qxg3 45. hxg3 Re5 46. b3
Kg7 47. Rc1 Rg5 48. Rd2 Nf5 49. Kh2 Kg6 50. Rd3 Bf2 51. Rf1 Bxg3+ 52. Kh3 Be5
53. Re1 Rh5+ 54. Kg2 Nh4+ 55. Kf2 Rf5+ 56. Ke2 Ng2 57. Rg1 Rg5 58. Rdd1 Kf5 59.
Kf2 Nf4 60. Rg3 Bd4+ 61. Kf3 Rxg3+ 62. Kxg3 h5 63. Rf1 Be5 64. Rh1 Bc3 65. Kf3
Bd4 66. Rd1 Ne6 67. Kg3 Kg5 68. Kf3 h4 69. Ke4 Bc3 70. Rg1+ Kh5 71. Kd5 Nf4+
72. Ke4 Ne2 73. Rb1 Kg4 74. Kd3 Nd4 75. Ke4 h3 76. Kd5 h2 77. c5 Kg3 78. c6
Nxc6 79. Kxc6 Kg2 80. Kd5 h1=Q 81. Rxh1 Kxh1 82. Ke4 Kg2 83. Kf5 Kf3 84. Ke6
Ke4 85. Kd6 Kd3 86. Kc5 Kc2 87. Kc4 Kb2 88. Kc5 Kxb3 89. Kd5 Kc2 90. Ke4 b3 91.
Kd5 b2 92. Ke4 b1=Q 93. Kd5 Qb7+ 94. Ke6 Qc6+ 95. Kf5 Qc4 96. Kg5 Qe4 97. Kh5
Qf5+ 98. Kh6 Qg4 99. Kh7 Qg7# 0-1

[Event "?"]
[Site "ICC 5 0 03/03/98, Internet Ch"]
[Date "1998.??.??"]
[Round "?"]
[White "Brause"]
[Black "MRTORRES"]
[Result "1-0"]
[WhiteElo "2540"]
[BlackElo "2145"]
[PlyCount "61"]

1. e4 e5 2. Nf3 Nc6 3. Nc3 Nf6 4. Nxe5 Nxe5 5. d4 Ng6 6. e5 Be7 7. Bc4 O-O 8.
exf6 Bxf6 9. Be3 d6 10. O-O c6 11. Ne4 Be7 12. d5 c5 13. Re1 f5 14. Nc3 f4 15.
Bd2 Bf6 16. Qh5 Bd4 17. Bd3 f3 18. g3 Qd7 19. Re6 c4 20. Bxg6 hxg6 21. Qh4 Bc5
22. Qxc4 Qf7 23. Re4 Qf5 24. g4 Qf7 25. b4 Bf5 26. gxf5 gxf5 27. Re6 Bxf2+ 28.
Kxf2 Qh5 29. Qf4 g5 30. Qxg5+ Qxg5 31. Bxg5 1-0

[Event "?"]
[Site "ICC 5 0 03/03/98, Internet Ch"]
[Date "1998.??.??"]
[Round "?"]
[White "Brause"]
[Black "MRTORRES"]
[Result "1-0"]
[WhiteElo "2515"]
[BlackElo "2185"]
[PlyCount "85"]

1. e4 e5 2. Nf3 Nc6 3. Nc3 Nf6 4. Nxe5 Nxe5 5. d4 Ng6 6. e5 Ng8 7. Bc4 c6 8.
Qf3 Qe7 9. O-O b5 10. Nxb5 cxb5 11. Qxa8 bxc4 12. Qxc8+ Qd8 13. Qxc4 d5 14.
exd6 Bxd6 15. Qa4+ Qd7 16. Qxd7+ Kxd7 17. c4 Nf6 18. f3 Rc8 19. b3 Ne7 20. Bg5
Nc6 21. Bxf6 gxf6 22. Rad1 a5 23. Rfe1 Nb4 24. Re2 Bf4 25. g3 Bb8 26. Rde1 Bd6
27. c5 Bf8 28. Kg2 Nd5 29. Kf2 a4 30. Rc1 axb3 31. axb3 Kc6 32. Ra1 Rb8 33.
Ra6+ Kb5 34. Ra7 Kb4 35. Rxf7 Kxb3 36. Rxh7 Kc4 37. Rd2 Kc3 38. Rd1 Rb2+ 39.
Kg1 Ne3 40. c6 Bd6 41. c7 Bxc7 42. Rxc7+ Kb4 43. Rdc1 1-0

[Event "?"]
[Site "ICC 5 0 03/03/98, Internet Ch"]
[Date "1998.??.??"]
[Round "?"]
[White "Brause"]
[Black "MRTORRES"]
[Result "1-0"]
[WhiteElo "2500"]
[BlackElo "2200"]
[PlyCount "43"]

1. e4 e5 2. Nf3 Nc6 3. Nc3 Nf6 4. Nxe5 Nxe5 5. d4 Ng6 6. e5 Be7 7. Bc4 O-O 8.
exf6 Bxf6 9. Be3 c6 10. O-O d5 11. Bd3 Ne7 12. Re1 Bf5 13. Rc1 Qd7 14. Be2 Rfe8
15. g4 Bg6 16. g5 Nf5 17. gxf6 Rxe3 18. fxe3 Nxe3 19. Qd2 Qh3 20. Bf3 Qxf3 21.
Qxe3 Qxe3+ 22. Rxe3 1-0

[Event "?"]
[Site "ICC 5 0 03/03/98, Internet Ch"]
[Date "1998.??.??"]
[Round "?"]
[White "Brause"]
[Black "MRTORRES"]
[Result "1-0"]
[WhiteElo "2490"]
[BlackElo "2180"]
[PlyCount "52"]

1. e4 e5 2. Nf3 Nc6 3. Nc3 Nf6 4. Nxe5 Nxe5 5. d4 Ng6 6. e5 Bb4 7. exf6 Qxf6 8.
Qe2+ Ne7 9. Qc4 Bxc3+ 10. Qxc3 c6 11. Be2 O-O 12. O-O Nd5 13. Qd3 d6 14. Re1
Bf5 15. Qb3 b6 16. c3 Rae8 17. Qa4 Qg6 18. Bd2 Bh3 19. Bf3 Qd3 20. Rxe8 Rxe8
21. Qxc6 Nf6 22. Bg5 Rc8 23. Qxd6 Be6 24. Bxf6 gxf6 25. d5 Bf5 26. Qxf6 Bg6 1-0

[Event "?"]
[Site "ICC 5 0 03/03/98, Internet Ch"]
[Date "1998.??.??"]
[Round "?"]
[White "Brause"]
[Black "MRTORRES"]
[Result "1-0"]
[WhiteElo "2480"]
[BlackElo "2225"]
[PlyCount "81"]

1. e4 e5 2. Nf3 Nc6 3. Nc3 Nf6 4. Nxe5 Nxe5 5. d4 Ng6 6. e5 Bb4 7. exf6 Qxf6 8.
Qe2+ Ne7 9. Qc4 Bxc3+ 10. Qxc3 O-O 11. Qxc7 Qxd4 12. Qf4 Qc5 13. Qe3 Qb4+ 14.
c3 Qh4 15. Bd3 Nd5 16. Qe5 Nf6 17. O-O Re8 18. Qg5 Qa4 19. Be3 h6 20. Qg3 d5
21. Rfe1 Qg4 22. Bd4 Qxg3 23. fxg3 Be6 24. Bxf6 gxf6 25. Rac1 Rec8 26. a4 Rc7
27. Rcd1 Rac8 28. Rd2 Rc5 29. Rf2 Ra5 30. Ra1 Kg7 31. b4 Rxc3 32. bxa5 Rxd3 33.
Rb2 Bc8 34. Rc1 Bd7 35. Rxb7 Bxa4 36. Rxa7 Rd2 37. Rb7 d4 38. a6 Ra2 39. a7 Be8
40. Rc8 d3 41. Rxe8 1-0

[Event "?"]
[Site "ICC 5 0 03/03/98, Internet Ch"]
[Date "1998.??.??"]
[Round "?"]
[White "Brause"]
[Black "MRTORRES"]
[Result "1-0"]
[WhiteElo "2460"]
[BlackElo "2215"]
[PlyCount "69"]

1. e4 e5 2. Nf3 Nc6 3. Nc3 Nf6 4. Nxe5 Nxe5 5. d4 Ng6 6. e5 Be7 7. Bc4 O-O 8.
exf6 Bxf6 9. Be3 c6 10. O-O d5 11. Bd3 Ne7 12. g4 g6 13. Re1 Qd7 14. Bh6 Bg7
15. Bxg7 Kxg7 16. Qf3 Ng8 17. Be2 f5 18. g5 Qf7 19. Bd3 Bd7 20. Re5 h6 21. Qg2
Rae8 22. Rae1 Rxe5 23. Rxe5 Re8 24. gxh6+ Nxh6 25. Rxe8 Qxe8 26. Ne2 Ng4 27.
Qg3 Qf7 28. Qb8 a6 29. Qxb7 f4 30. h3 Nh6 31. Nxf4 Qxf4 32. Qxd7+ Nf7 33. Qxc6
Qg5+ 34. Kf1 Qc1+ 35. Ke2 1-0

[Event "?"]
[Site "ICC 5 0 03/03/98, Internet Ch"]
[Date "1998.??.??"]
[Round "?"]
[White "Brause"]
[Black "KnightC"]
[Result "0-1"]
[WhiteElo "2405"]
[BlackElo "2375"]
[PlyCount "111"]

1. e4 e5 2. Nf3 Nf6 3. Nc3 Nc6 4. Nxe5 Nxe5 5. d4 Ng6 6. e5 Ng8 7. Bc4 d5 8.
Bxd5 c6 9. Bb3 Be6 10. O-O Bxb3 11. axb3 h6 12. e6 fxe6 13. Re1 Qf6 14. d5 e5
15. Ne4 Qf5 16. dxc6 bxc6 17. Qd6 Rc8 18. Qd3 Qf7 19. Rd1 Nf6 20. Nxf6+ gxf6
21. Bd2 Rd8 22. Qe4 Rd6 23. Qf5 Ne7 24. Qe4 Qh5 25. Qc4 Rg8 26. Qc5 Rd4 27. g3
Qe2 28. Qc3 Rgg4 29. h3 Rg6 30. Qa5 Bg7 31. Qc3 f5 32. Qe3 Qh5 33. Qc3 Nd5 34.
Qa5 Qe2 35. Qa6 Qxa6 36. Rxa6 Nb4 37. Rxa7 Nxc2 38. Ra8+ Kf7 39. Ra7+ Ke6 40.
Ra6 Nb4 41. Raa1 Nd3 42. Bc3 Rd7 43. Rd2 e4 44. Rc2 Bxc3 45. bxc3 e3 46. Re2 f4
47. Kf1 Nxf2 48. gxf4 Rd3 49. Rae1 Nd1 50. c4 Rg3 51. Ra2 Rd4 52. Rc2 Rxf4+ 53.
Ke2 Nb2 54. Rf1 Nd3 55. Rc3 Rxf1 56. Kxf1 0-1

[Event "?"]
[Site "ICC 5 0 03/03/98, Internet Ch"]
[Date "1998.??.??"]
[Round "?"]
[White "Brause"]
[Black "MarvinMartian"]
[Result "1/2-1/2"]
[WhiteElo "2405"]
[BlackElo "2330"]
[PlyCount "113"]

1. e4 e5 2. Nf3 Nc6 3. Nc3 Nf6 4. Nxe5 Nxe5 5. d4 Ng6 6. e5 Ng8 7. Bc4 Bb4 8.
Qf3 Bxc3+ 9. bxc3 Qe7 10. O-O Nh6 11. g3 O-O 12. Qh5 d5 13. exd6 cxd6 14. Bxh6
gxh6 15. Rfe1 Qc7 16. Qe2 Bh3 17. Bd5 Rad8 18. c4 b6 19. Rad1 Qc8 20. Rd3 Rfe8
21. Re3 Rxe3 22. Qxe3 Kg7 23. f3 Bd7 24. Qa3 Be6 25. Bxe6 fxe6 26. Qxa7+ Qd7
27. Qxd7+ Rxd7 28. Rxe6 Kf7 29. d5 Ne5 30. f4 Nxc4 31. Kf2 Ra7 32. a4 Rxa4 33.
Ke2 Ra3 34. Rxh6 Kg7 35. Re6 Rc3 36. Re7+ Kg6 37. g4 Rxc2+ 38. Kd3 Rc1 39. h4
b5 40. f5+ Kf6 41. Rxh7 Rg1 42. Rh6+ Ke5 43. Re6+ Kxd5 44. g5 Ne5+ 45. Kc3 Rg4
46. Rh6 b4+ 47. Kb2 Kc5 48. f6 Kc4 49. Rh8 Rg2+ 50. Kc1 Nd3+ 51. Kd1 b3 52.
Rc8+ Kd4 53. Rb8 Ke3 54. Re8+ Kd4 55. Rb8 Ke3 56. Re8+ Kd4 57. Rb8 1/2-1/2

[Event "?"]
[Site "ICC 5 0 03/03/98, Internet Ch"]
[Date "1998.??.??"]
[Round "?"]
[White "Brause"]
[Black "MarvinMartian"]
[Result "0-1"]
[WhiteElo "2415"]
[BlackElo "2320"]
[PlyCount "66"]

1. e4 e5 2. Nf3 Nc6 3. Nc3 Nf6 4. Nxe5 Nxe5 5. d4 Ng6 6. e5 Ng8 7. Bc4 Bb4 8.
Qf3 Bxc3+ 9. bxc3 Qe7 10. O-O Nh6 11. g3 O-O 12. Qh5 d5 13. exd6 cxd6 14. Bxh6
gxh6 15. Rfe1 Qg5 16. Qf3 Rb8 17. Bb3 Bg4 18. Qg2 h5 19. f3 Bd7 20. f4 Qf6 21.
Qd5 Bc6 22. Qxh5 Kh8 23. Bc4 Nxf4 24. Qh4 Qxh4 25. gxh4 Rg8+ 26. Kf1 Rg2 27.
Bb3 Rxh2 28. Kg1 Rg2+ 29. Kf1 Rbg8 30. Reb1 Nh3 31. Ke1 Rf2 32. Bc4 Rg1+ 33.
Bf1 Rgxf1# 0-1

[Event "?"]
[Site "ICC 5 0 03/03/98, Internet Ch"]
[Date "1998.??.??"]
[Round "?"]
[White "Brause"]
[Black "MarvinMartian"]
[Result "0-1"]
[WhiteElo "2455"]
[BlackElo "2295"]
[PlyCount "46"]

1. e4 e5 2. Nf3 Nc6 3. Nc3 Nf6 4. Nxe5 Nxe5 5. d4 Ng6 6. e5 Ng8 7. Bc4 Bb4 8.
Qf3 Bxc3+ 9. bxc3 Qe7 10. O-O Nh6 11. g3 O-O 12. Qh5 d5 13. Bxd5 Bg4 14. Qg5
Qd7 15. Bxb7 c6 16. Bxa8 Bf3 17. Qe3 Qg4 18. Bb7 Nh4 19. Qg5 Qh3 20. gxh4 Ng4
21. Qxg7+ Kxg7 22. Bh6+ Kxh6 23. Rab1 Qxh2# 0-1

[Event "?"]
[Site "ICC 5 0 03/03/98, Internet Ch"]
[Date "1998.??.??"]
[Round "?"]
[White "Brause"]
[Black "MarvinMartian"]
[Result "1/2-1/2"]
[WhiteElo "2420"]
[BlackElo "2310"]
[PlyCount "133"]

1. e4 e5 2. Nf3 Nc6 3. Nc3 Nf6 4. Nxe5 Nxe5 5. d4 Ng6 6. e5 Ng8 7. Bc4 Bb4 8.
Qf3 Bxc3+ 9. bxc3 Qe7 10. O-O Nh6 11. g3 O-O 12. Qh5 d5 13. exd6 cxd6 14. Bxh6
gxh6 15. Rfe1 Qg5 16. Qf3 Rb8 17. Bb3 Bg4 18. Qg2 Qh5 19. Re3 b6 20. Qc6 Rbd8
21. Rae1 Qg5 22. c4 h5 23. Qb7 Rd7 24. Qc6 Rdd8 25. Qb7 Rd7 26. Qc6 Rfd8 27. f3
Bh3 28. Qb5 Qxb5 29. cxb5 d5 30. R3e2 Be6 31. c3 Ne7 32. Re3 Nf5 33. Rd3 h4 34.
g4 Nd6 35. Re5 Nxb5 36. Ba4 a6 37. Kg2 Rc7 38. Bxb5 axb5 39. Kh3 Ra8 40. f4
Rxa2 41. f5 Bd7 42. Rxd5 Kg7 43. Re3 Bc6 44. Rde5 Bg2+ 45. Kxh4 h6 46. Rxb5 Bf1
47. Rb3 Rxh2+ 48. Kg3 Rh3+ 49. Kf4 Rxe3 50. Kxe3 b5 51. Kf4 Bc4 52. Rb2 Re7 53.
Rb1 Re2 54. Rc1 Bd3 55. Kf3 Rc2 56. Rxc2 Bxc2 57. Kf4 Kf6 58. Kg3 Kg5 59. d5
Bb3 60. d6 Kf6 61. Kf4 Bd5 62. Kg3 Bc6 63. Kf4 Bd7 64. Ke4 Bc6+ 65. Kf4 Bd5 66.
Kg3 Bc6 67. Kf4 1/2-1/2

[Event "?"]
[Site "ICC 5 0 03/03/98, Internet Ch"]
[Date "1998.??.??"]
[Round "?"]
[White "Brause"]
[Black "MarvinMartian"]
[Result "1-0"]
[WhiteElo "2430"]
[BlackElo "2305"]
[PlyCount "65"]

1. e4 e5 2. Nf3 Nc6 3. Nc3 Nf6 4. Nxe5 Nxe5 5. d4 Ng6 6. e5 Ng8 7. Bc4 Bb4 8.
Qf3 Bxc3+ 9. bxc3 Qe7 10. O-O Nh6 11. g3 O-O 12. Qh5 d5 13. exd6 cxd6 14. Bxh6
gxh6 15. Qf3 Rb8 16. Rfe1 Qg5 17. Bd3 Be6 18. c4 h5 19. Rab1 b6 20. Qc6 Rbd8
21. Qa4 Rd7 22. Rxe6 Rc7 23. Rxd6 h4 24. Re1 hxg3 25. hxg3 Re7 26. Rxe7 Qxe7
27. Rd7 Qe1+ 28. Kg2 a5 29. Qc6 Qb4 30. Rb7 Qc3 31. Qxb6 Re8 32. Qf6 Rf8 33. c5
1-0